[Event "GER-ch U12"]
[Site "Winterberg"]
[Date "2002.05.25"]
[Round "11"]
[White "Neudert, Maximilian"]
[Black "Brummack, Anne"]
[Result "1-0"]
[WhiteElo "1335"]
[BlackElo "1193"]
[PlyCount "39"]
[EventDate "2002.05.19"]
[EventType "swiss"]
[EventRounds "11"]
[EventCountry "GER"]
[SourceTitle "CBM 088 Extra"]
[Source "ChessBase"]
[SourceDate "2002.07.01"]
[SourceVersion "2"]
[SourceVersionDate "2002.07.01"]
[SourceQuality "1"]

1. e4 e5 2. Bc4 Nf6 3. Nc3 Nc6 4. d3 Be7 5. Be3 0-0 6. Nge2 d6 7. 0-0 Be6 8. Bb3 Bxb3 9. axb3 d5 10. exd5 Nxd5 11. Nxd5 Qxd5 12. f4 e4 13. Nc3 Qd7 14. Nxe4 Nd4 15. Ra4 c5 16. Rf2 Nxb3 17. cxb3 Rfc8 18. Rd2 Qe6 19. Bf2 Qxb3 20. Qxb3 1-0